Statistiques concernant Culture Générale - Série 1354

Cliquez ici pour prendre le quiz!

Statistiques générales

  • Ce quiz a été pris 70 fois
  • Le résultat moyen est 7 sur 10

Statistiques - réponses

QuestionRéponse% Correct
Lequel des 5 grands fleuves de France dessert également la Suisse, l'Allemagne et les Pays-Bas ?Rhin
98%
Quel style musical d'origine jamaïcaine s'est fait mondialement connaître grâce à Bob Marley ?reggae
94%
Depuis les années 1980, quel plombier moustachu à la casquette rouge est un héros à succès de jeux vidéo ?Mario
94%
Quel organe actionné avec le pied est commun au piano, au vélo, à la machine à coudre et à l'embrayage d'une voiture ?pédale
88%
Quelle est la signification de la lettre A du sigle T.V.A ?Ajoutée
88%
C'est le plus gros varan de l'archipel de la Sonde, il est appelé le "dragon de...Komodo
73%
Dans une série de films d'André Hunebelle, quel acteur se cache derrière le masque de Fantômas ?Jean Marais
67%
De quel pays africain est originaire le chanteur Salif Keita ?Mali
58%
Quelle maison régna sur l'Autriche de 1278 à 1918 ?Habsbourg
52%
Dans quelle chanson de Léo Ferré peut-on entendre cette phrase : "A la galerie j'farfouille dans les rayons d'la mort" ?Avec le temps
20%

Distribution des résultats

Percentile par nombre de réponses

% des personnes avec chaque résultat

Votre développement - résultats

Vous n’avez pas pris ce quiz